<?xml version="1.0" encoding="UTF-8"?>
<record
    xmlns:xsi="http://www.w3.org/2001/XMLSchema-instance"
    xsi:schemaLocation="http://www.loc.gov/MARC21/slim http://www.loc.gov/standards/marcxml/schema/MARC21slim.xsd"
    xmlns="http://www.loc.gov/MARC21/slim">

  <leader>00845nam a22002895a 4500</leader>
  <controlfield tag="001">1662599</controlfield>
  <controlfield tag="003">CO-MqBPB</controlfield>
  <controlfield tag="005">20220915165712.0</controlfield>
  <controlfield tag="008">201026s2020    ck     gr     000 jdspa d</controlfield>
  <datafield tag="020" ind1=" " ind2=" ">
    <subfield code="a">9789584286338</subfield>
  </datafield>
  <datafield tag="040" ind1=" " ind2=" ">
    <subfield code="a">CO-MqBPB</subfield>
    <subfield code="b">spa </subfield>
    <subfield code="c">CO-MqBPB</subfield>
    <subfield code="e">rda</subfield>
  </datafield>
  <datafield tag="041" ind1="0" ind2=" ">
    <subfield code="a">spa</subfield>
  </datafield>
  <datafield tag="043" ind1=" " ind2=" ">
    <subfield code="a">s-ag---</subfield>
  </datafield>
  <datafield tag="082" ind1="0" ind2="4">
    <subfield code="a">AC</subfield>
    <subfield code="b">MAIb </subfield>
  </datafield>
  <datafield tag="100" ind1="1" ind2=" ">
    <subfield code="a">Mairal, Pedro, </subfield>
    <subfield code="d">1970-</subfield>
  </datafield>
  <datafield tag="245" ind1="1" ind2="0">
    <subfield code="a">Breves amores eternos / </subfield>
    <subfield code="c">Pedro Mairal.</subfield>
  </datafield>
  <datafield tag="264" ind1=" " ind2="1">
    <subfield code="a">Bogot&#xE1; , Colombia : </subfield>
    <subfield code="b">Editorial Planeta Colombiana, </subfield>
    <subfield code="c">2020.</subfield>
  </datafield>
  <datafield tag="300" ind1=" " ind2=" ">
    <subfield code="a">334 p&#xFFFD;ginas ; </subfield>
    <subfield code="c">23 cm.</subfield>
  </datafield>
  <datafield tag="336" ind1=" " ind2=" ">
    <subfield code="a">texto </subfield>
    <subfield code="b">txt [</subfield>
    <subfield code="2">rdacontent]</subfield>
  </datafield>
  <datafield tag="337" ind1=" " ind2=" ">
    <subfield code="a">sin mediacion </subfield>
    <subfield code="b">n [</subfield>
    <subfield code="2">rdamedia]</subfield>
  </datafield>
  <datafield tag="338" ind1=" " ind2=" ">
    <subfield code="a">volumen </subfield>
    <subfield code="b">nc [</subfield>
    <subfield code="2">rdacarrier]</subfield>
  </datafield>
  <datafield tag="490" ind1="1" ind2=" ">
    <subfield code="a">Emec&#xFFFD;. Cruz del sur</subfield>
  </datafield>
  <datafield tag="650" ind1="1" ind2="2">
    <subfield code="a">Cuentos argentinos.</subfield>
  </datafield>
  <datafield tag="650" ind1="2" ind2="4">
    <subfield code="a">Relaciones humanas</subfield>
    <subfield code="v"> Cuentos.</subfield>
  </datafield>
  <datafield tag="942" ind1=" " ind2=" ">
    <subfield code="2">ddc</subfield>
    <subfield code="c">BKLIT</subfield>
  </datafield>
  <datafield tag="949" ind1=" " ind2=" ">
    <subfield code="a">n      </subfield>
    <subfield code="b">n</subfield>
  </datafield>
  <datafield tag="999" ind1=" " ind2=" ">
    <subfield code="c">14471</subfield>
    <subfield code="d">14471</subfield>
  </datafield>
  <datafield tag="952" ind1=" " ind2=" ">
    <subfield code="0">0</subfield>
    <subfield code="1">0</subfield>
    <subfield code="2">ddc</subfield>
    <subfield code="4">0</subfield>
    <subfield code="7">0</subfield>
    <subfield code="a">BPMOS</subfield>
    <subfield code="b">BPMOS</subfield>
    <subfield code="d">2022-09-15</subfield>
    <subfield code="e">Compra BPSJBM 2022</subfield>
    <subfield code="i">NT</subfield>
    <subfield code="l">5</subfield>
    <subfield code="m">1</subfield>
    <subfield code="o">AC MAIb </subfield>
    <subfield code="p">MOS502623</subfield>
    <subfield code="r">2026-03-24</subfield>
    <subfield code="s">2024-11-27</subfield>
    <subfield code="t">EJ.1</subfield>
    <subfield code="w">2022-09-15</subfield>
    <subfield code="y">BKLIT</subfield>
    <subfield code="z">Quince d&#xED;as</subfield>
  </datafield>
  <datafield tag="952" ind1=" " ind2=" ">
    <subfield code="0">0</subfield>
    <subfield code="1">0</subfield>
    <subfield code="2">ddc</subfield>
    <subfield code="4">0</subfield>
    <subfield code="7">0</subfield>
    <subfield code="a">BPMOS</subfield>
    <subfield code="b">BPMOS</subfield>
    <subfield code="d">2022-09-15</subfield>
    <subfield code="e">Compra BPSJBM 2022</subfield>
    <subfield code="i">NT</subfield>
    <subfield code="l">2</subfield>
    <subfield code="m">1</subfield>
    <subfield code="o">AC MAIb </subfield>
    <subfield code="p">MOS502624</subfield>
    <subfield code="r">2025-02-21</subfield>
    <subfield code="s">2025-01-16</subfield>
    <subfield code="t">EJ.2</subfield>
    <subfield code="w">2022-09-16</subfield>
    <subfield code="y">BKLIT</subfield>
    <subfield code="z">Quince d&#xED;as</subfield>
  </datafield>
</record>
